2007 Worldwide Box Office - Statistics

General Stats
  • This quiz has been taken 10 times
  • The average score is 7 of 10
Answer Stats
Rank Movie Title Worldwide Box Office (USD) Distributor/Studio Genre % Correct
6 Ratatouille $626,549,695 Disney Family/Animation
86%
3 Spider-Man 3 $896,337,268 Sony Superhero/Comics
86%
5 Transformers $708,272,592 Paramount Sci-Fi/Fantasy
86%
2 Harry Potter and the Order of the Phoenix $937,444,235 Warner Bros. Fantasy
71%
1 Pirates of the Caribbean: At World’s End $960,996,492 Disney Fantasy/Adventure
71%
4 Shrek the Third $807,330,936 Paramount Family/Animation
71%
8 The Simpsons Movie $527,071,022 20th Century Fox Animation/Comedy
71%
10 300 $454,161,935 Warner Bros. Historical Action
57%
7 I Am Legend $585,532,684 Warner Bros. Sci-Fi/Dystopia
57%
9 National Treasure: Book of Secrets $457,325,804 Disney Action/Adventure
57%
No matching quizzes found
Score Distribution
Percent of People with Each Score
Percentile by Number Answered
Your Score History
You have not taken this quiz